|
|
|
|
| LEADER |
00000nam a22000007a 4500 |
| 005 |
20111215142742.0 |
| 007 |
cr|||| |||| |
| 008 |
111215s2010 pe |||||s|||| 00||0 spa d |
| 020 |
|
|
|a 978-612-4047-29-9
|
| 035 |
|
|
|a 6114
|
| 040 |
|
|
|a vLex
|
| 090 |
|
|
|c 2834
|d 2834
|
| 245 |
0 |
0 |
|a Interpretacin̤ Jurd̕ica y Teora̕ del Derecho
|h [Recurso electrn̤ico]
|
| 256 |
|
|
|a Servicio en ln̕ea
|
| 260 |
|
|
|a Lima :
|b Palestra Editores,
|c 2010
|
| 300 |
|
|
|a 1 recurso electrn̤ico
|
| 490 |
0 |
|
|a Postpositivismo y Derecho
|
| 500 |
|
|
|a Seleccin̤ exquisita de lo l︢timo que se ha producido en el Derecho continental europeo en interpretacin̤ jurd̕ica. La estructura del volumen permite un tratamiento especializado de los distintos tp̤icos que mayor debate han suscitado en los l︢timos aǫs.
|
| 506 |
1 |
|
|a Contenido solo disponible en los productos indicados
|d vLex Global
|d vLex Global (Academic Edition, excluding Law Schools)
|d vLex Global (U.S. Academic Edition, Law Schools)
|d vLex Global (U.S. Academic Edition, excluding Law Schools)
|d vLex Global (Academic Edition, Law Schools)
|
| 650 |
0 |
4 |
|a Jurisprudencia
|z Per︢
|
| 740 |
0 |
|
|a vLex Libros (Servicio en ln̕ea)
|
| 856 |
4 |
0 |
|u http://vlex.com/source/interpretacion-juridica-teoria-derecho-6114
|z Acceso restringido
|
| 942 |
|
|
|c BOOK
|
| 999 |
0 |
|
|a Jurisprudence
|